000 00648nam a2200241Ia 4500
003 OSt
005 20221005031942.0
006 a|||||r|||| 00| 0
007 ta
008 221004b |||||||| |||| 00| 0 tam d
024 _a64090
037 _cTextual
040 _aCRL
_cCRL
_btam
041 _2tam
_atam
082 _aO31,3N174X, L1
100 _aKamala Viruthachalam Au.
_9584557
245 0 _aKaasu Maalai
260 _aChennai
_bStar Prasuram India
_c1971
300 _a219p.
_ccm.
650 _aTAMIL LITERATURE
942 _hO31,3N174X, L1
_cTEXL
_2cc
999 _c938769
_d938769